Statistics for Teams That Have Won Three Consecutive English League Titles

Click here to take the quiz!

General Stats

  • This quiz has been taken 445 times
    (441 since last reset)
  • The average score is 5 of 6

Answer Stats

SeasonsClub% Correct
1998/99, 1999/2000, 2000/01Manchester United
99%
2006/07, 2007/08, 2008/09Manchester United
99%
2020/21, 2021/22, 2022/23Manchester City
98%
1981/82, 1982/83, 1983/84Liverpool
95%
1932/33, 1933/34, 1934/35Arsenal
82%
1923/24, 1924/25, 1925/26Huddersfield Town
49%

Score Distribution

Percentile by Number Answered

Percent of People with Each Score

Your Score History

You have not taken this quiz since the last reset